[Event "Challenge"]
[Site "http://www.queenalice.com/game.php?id=712301"]
[Date "2010.1.12"]
[Round "-"]
[White "caprone"]
[Black "giobetti"]
[Result "0-1"]
[WhiteElo "1776"]
[BlackElo "1759"]

1. e4 e5 2. Nf3 Nc6 3. d4 Nxd4 4. Nxd4 exd4 5. Qxd4 c5 6. Qd1 g6 7. Bc4 Bg7 8.
O-O b6 9. Qf3 Qf6 10. Nd2 Qxf3 11. Nxf3 Bb7 12. Ng5 Nh6 13. Bf4 f6 14. Nh3 O-O-O
15. Bd5 Bxd5 16. exd5 Rhe8 17. Rfe1 Nf5 18. d6 h5 19. Ng5 Rxe1+ 20. Rxe1 fxg5
21. Bxg5 Rg8 22. f3 Nxd6 23. c3 Re8 24. Rd1 Nf7 25. Bf4 Re2 26. Bb8 Kxb8 27.
Rxd7 Rxb2 28. Rxf7 Bxc3 29. Rf8+ Kb7 30. Rg8 Bd4+ 31. Kf1 Rf2+ 0-1

[Event "Challenge"]
[Site "http://www.queenalice.com/game.php?id=712302"]
[Date "2010.1.12"]
[Round "-"]
[White "giobetti"]
[Black "caprone"]
[Result "0-1"]
[WhiteElo "1807"]
[BlackElo "1759"]

1. e4 e5 2. Bc4 c6 3. d4 b5 4. Bb3 f6 5. dxe5 Be7 6. exf6 Bxf6 7. Bxg8 Rxg8 8.
Qh5+ g6 9. Qxh7 Rg7 10. Qh3 d5 11. Qe3 Bg5 12. f4 d4 13. Qd3 Bh6 14. c3 Qd6 15.
Qxd4 Qxd4 16. cxd4 Rf7 17. g3 Re7 18. e5 c5 19. dxc5 Bb7 20. Nf3 Bxf3 21. Rg1 g5
22. Nc3 b4 23. Nb5 Na6 24. Nd6+ Kf8 25. Nf5 Re6 26. Nxh6 Rxh6 27. fxg5 Re6 28.
Bf4 Nxc5 29. Rf1 Nd3+ 30. Kd2 Be4 31. Ke3 Nc5 32. Rac1 Rc8 33. Rxc5 Rxc5 34.
Kxe4 Kg7 35. h4 Ra6 36. Ra1 Kg6 37. h5+ Kg7 38. h6+ Kg6 39. Rh1 Rc7 40. Rd1 Rxa2
41. g4 Ra6 42. Rd6+ Rxd6 43. exd6 Rf7 44. Bd2 a5 45. Ke5 Rf2 46. Be3 Re2 47. d7
Rxe3+ 48. Kd4 Re1 49. Kc5 Rd1 50. Kc6 a4 51. Kc7 a3 52. bxa3 bxa3 53. d8=B Rxd8
54. Kxd8 a2 55. Ke7 a1=Q 56. Kf8 Qh8+ 57. Ke7 Kxg5 0-1

[Event "7 a 3 e 2 patte!!"]
[Site "http://www.queenalice.com/game.php?id=734128"]
[Date "2010.2.19"]
[Round "-"]
[White "caprone"]
[Black "giobetti"]
[Result "1-0"]
[WhiteElo "1761"]
[BlackElo "1892"]

1. e4 e5 2. Nf3 Bc5 3. Bc4 Nc6 4. d3 h6 5. a3 Nf6 6. Nc3 d6 7. Nb5 Ng4 8. d4
exd4 9. Nbxd4 Bxd4 10. Nxd4 Nxd4 11. Qxd4 Qf6 12. c3 Qxd4 13. cxd4 O-O 14. b4
Re8 15. f3 Nf6 16. Kf2 Be6 17. d5 Bd7 18. h3 a6 19. g4 c6 20. Bb2 Nh7 21. Kg3
cxd5 22. Bxd5 Bc6 23. Rhd1 Bxd5 24. Rxd5 Rad8 25. Rc1 Ng5 26. Rc7 Rc8 27. Rxc8
Rxc8 28. Rxd6 Rc2 29. Bd4 Ra2 30. Rd8+ Kh7 31. h4 Ne6 32. Rd7 Nxd4 33. Rxd4 Rxa3
34. Rd7 b5 35. Rxf7 Kg8 36. Rb7 Rb3 37. Rb6 Rxb4 38. Rxa6 Rb1 39. h5 b4 40. Kf4
b3 41. Rb6 Kf7 42. Kf5 b2 43. f4 Ke7 44. e5 Kd7 45. Kg6 Kc7 46. Rb4 Kc6 47. e6
Kc5 48. Rb8 Kd6 49. Kxg7 Rf1 50. Rxb2 Rxf4 51. Re2 Ke7 52. Kxh6 Rxg4 53. Re5 Rg8
54. Kh7 Rg3 55. Kh6 Rg8 56. Rg5 Rf8 57. Kg7 Rf4 58. Rg6 Ke8 59. h6 Ke7 60. h7
Rf5 61. h8=Q Rf4 62. Qb8 Rh4 63. Qb7+ Kd6 64. e7+ Ke5 65. e8=Q+ Kf4 66. Qf8+ Ke3
67. Qbe7+ Kd2 68. Qfd8+ Kc1 69. Qec7+ 1-0

[Event "hasta diez"]
[Site "http://www.queenalice.com/game.php?id=734135"]
[Date "2010.2.19"]
[Round "-"]
[White "giobetti"]
[Black "caprone"]
[Result "0-1"]
[WhiteElo "1828"]
[BlackElo "1742"]

1. e4 e5 2. Bc4 c6 3. Qh5 d5 4. exd5 Bd6 5. dxc6 g6 6. Qf3 Qc7 7. cxb7 Bxb7 8.
Bb5+ Ke7 9. Qg3 Qxc2 10. Ne2 Nc6 11. Qc3 Qe4 12. f3 Qd5 13. Na3 Qc5 14. Qxc5
Bxc5 15. Nc4 Nb4 16. Na3 a6 17. Bc4 f5 18. d3 Nf6 19. Bg5 h6 20. Bxf6+ Kxf6 21.
g4 Bxf3 22. Rf1 Bxg4 23. Nc3 Kg7 24. Na4 Bd4 25. Rc1 Rac8 26. Nc3 Be3 27. Rb1
Rxc4 28. Rd1 Rd4 29. Rd2 Nxd3+ 30. Rxd3 Rxd3 31. Nc4 Rhd8 32. Nd2 Rxd2 0-1

[Event "Challenge"]
[Site "http://www.queenalice.com/game.php?id=767854"]
[Date "2010.4.28"]
[Round "-"]
[White "giobetti"]
[Black "caprone"]
[Result "1-0"]
[WhiteElo "1865"]
[BlackElo "1791"]

1. e4 e5 2. d4 Bb4+ 3. c3 Ba5 4. Qh5 d5 5. Qxe5+ Be6 6. exd5 Qxd5 7. Qxg7 Qe4+
8. Be3 Qc2 9. Qxh8 f6 10. Nd2 Qxb2 11. Rd1 Qc2 12. Ne2 Nd7 13. Qg7 Nf8 14. Qg3
Bxc3 15. Nxc3 Qxc3 16. Be2 O-O-O 17. O-O Ng6 18. Rc1 Qa5 19. Bg4 f5 20. Nc4 Bxc4
21. Bxf5+ Kb8 22. Rxc4 N8e7 23. Bxg6 Nxg6 24. Rfc1 Rd7 25. Bf4 Ka8 26. Bxc7 Re7
27. Bxa5 1-0

[Event "Challenge"]
[Site "http://www.queenalice.com/game.php?id=767855"]
[Date "2010.4.28"]
[Round "-"]
[White "caprone"]
[Black "giobetti"]
[Result "0-1"]
[WhiteElo "1782"]
[BlackElo "1854"]

1. e4 e5 2. Nf3 Nc6 3. Bc4 Bc5 4. b3 Nf6 5. Bb2 Nxe4 6. d4 exd4 7. Bxd4 Bxd4 8.
Nxd4 Nxd4 9. Qxd4 O-O 10. O-O Qf6 11. Qxf6 Nxf6 12. Nc3 c6 13. Rfe1 d5 14. Bd3
Be6 15. h3 Rfe8 16. Ne2 Nd7 17. c4 dxc4 18. Bxc4 Bxc4 19. bxc4 Ne5 20. Rab1 Nd3
0-1

[Event "Challenge"]
[Site "http://www.queenalice.com/game.php?id=770146"]
[Date "2010.5.3"]
[Round "-"]
[White "babycrocket"]
[Black "caprone"]
[Result "0-1"]
[WhiteElo "1489"]
[BlackElo "1767"]

1. d4 d5 2. Nf3 Nc6 3. h3 Bf5 4. a3 f6 5. e3 a6 6. Be2 e5 7. c3 e4 8. Nh4 Nge7
9. b4 Be6 10. g4 g5 11. Ng2 f5 12. gxf5 Nxf5 13. Bh5+ Kd7 14. Nd2 Ng7 15. Be2
Be7 16. Bb2 b5 17. Qc2 Bd6 18. O-O-O Qf6 19. Rdf1 h5 20. f3 Nf5 21. fxe4 dxe4
22. Nxe4 Qg7 23. c4 Bxc4 0-1

[Event "Challenge"]
[Site "http://www.queenalice.com/game.php?id=778091"]
[Date "2010.5.19"]
[Round "-"]
[White "axedre"]
[Black "caprone"]
[Result "1-0"]
[WhiteElo "1883"]
[BlackElo "1772"]

1. e4 e5 2. Nf3 Nc6 3. Bc4 Nf6 4. Ng5 d5 5. exd5 Nxd5 6. d4 Nxd4 7. c3 h6 8. Nf3
Nxf3+ 9. Qxf3 Be6 10. O-O Bd6 11. Bxd5 Bxd5 12. Qxd5 O-O 13. Nd2 Qe7 14. Qxb7
Rfe8 15. Nc4 Reb8 16. Qd5 e4 17. Re1 Rd8 18. Nxd6 cxd6 19. Rxe4 Qd7 20. Bf4 1-0

[Event "Challenge"]
[Site "http://www.queenalice.com/game.php?id=778092"]
[Date "2010.5.19"]
[Round "-"]
[White "caprone"]
[Black "axedre"]
[Result "0-1"]
[WhiteElo "1743"]
[BlackElo "1895"]

1. e4 e5 2. Nf3 Nc6 3. Bc4 Bc5 4. c3 Nf6 5. d4 exd4 6. cxd4 Bb4+ 7. Bd2 Bxd2+ 8.
Nbxd2 d5 9. Bd3 dxe4 10. Nxe4 Bg4 11. Nxf6+ Qxf6 12. Be2 O-O-O 13. d5 Ne5 14.
Nxe5 Qxe5 15. Qc2 Bxe2 16. Qxe2 Qxe2+ 17. Kxe2 Rhe8+ 18. Kf3 Rxd5 19. g4 Rd2 20.
b3 Ree2 21. Rhf1 Rxa2 22. h4 Kd7 23. Kg3 Reb2 24. Rad1+ Rd2 25. f4 Rb2 26. Rde1
Rxb3+ 27. Rf3 Rxf3+ 28. Kxf3 c5 29. g5 Kd6 30. Re8 Rd4 0-1

[Event "9-5"]
[Site "http://www.queenalice.com/game.php?id=786692"]
[Date "2010.6.7"]
[Round "-"]
[White "giobetti"]
[Black "caprone"]
[Result "1-0"]
[WhiteElo "1795"]
[BlackElo "1752"]

1. c4 e5 2. Nc3 Nf6 3. e4 Bc5 4. Nf3 Ng4 5. d4 exd4 6. Nxd4 Qf6 7. Qxg4 Bxd4 8.
Qe2 Bxc3+ 9. Bd2 Bxd2+ 10. Qxd2 d6 11. Bd3 Nd7 12. O-O Ne5 13. Bc2 O-O 14. b3
Qg6 15. f4 Ng4 16. h3 Re8 17. Rf3 Qh5 18. hxg4 Bxg4 19. Rg3 a6 20. Qd4 Rad8 21.
Bd1 f5 22. Qd5+ Qf7 23. Bxg4 fxg4 24. Rxg4 c6 25. Qxf7+ Kxf7 26. Re1 b5 27. cxb5
axb5 28. g3 g6 29. Kg2 b4 30. Rg5 Ra8 31. Re2 d5 32. e5 Ke6 33. g4 Rf8 34. Kg3
Ra6 35. Rf2 Kd7 36. f5 d4 37. e6+ Ke7 38. Kf4 c5 39. Ke5 Rxe6+ 40. Kd5 Ref6 41.
Kxc5 d3 42. Kxb4 Rc8 43. Rd2 Rd6 44. fxg6 Rd4+ 45. Ka3 hxg6 46. Rxg6 Rc2 47.
Rxc2 dxc2 48. Kb2 Kf7 49. Rc6 Rxg4 50. Rxc2 Ke6 51. a4 Kd6 52. Ka3 Kd5 53. a5
Ke6 54. b4 1-0

[Event "Challeng"]
[Site "http://www.queenalice.com/game.php?id=786694"]
[Date "2010.6.7"]
[Round "-"]
[White "caprone"]
[Black "giobetti"]
[Result "1-0"]
[WhiteElo "1733"]
[BlackElo "1797"]

1. e4 c5 2. d4 cxd4 3. Nf3 e5 4. Bc4 Nf6 5. Ng5 d5 6. exd5 Nxd5 7. c3 Be7 8.
Nxf7 Kxf7 9. Qf3+ Ke8 10. Bxd5 Rf8 11. Qh5+ g6 12. Qxe5 Rf5 13. Qh8+ Kd7 14.
Qxd4 Qb6 15. Be4+ Qxd4 16. Bxf5+ gxf5 17. cxd4 Ke8 18. Nc3 Nc6 19. Nd5 Bd6 20.
Be3 Be6 21. Nf6+ Kf7 22. Nxh7 Bc4 23. Ng5+ Kg6 24. Nf3 Re8 25. Rc1 Ba6 26. g3
Nb4 27. Kd2 Nxa2 28. Ra1 Nb4 29. Ne5+ Kg7 30. Rhc1 Kf6 31. Nd7+ Ke7 32. Nc5 Bxc5
33. Rxc5 Nc6 34. Rxf5 Bc4 35. Rc5 Bf7 36. h4 Rd8 37. Bg5+ Ke8 38. Bxd8 Kxd8 39.
Rb5 b6 40. Kc3 Kc7 41. d5 Na5 42. Re1 Kd6 43. Rb4 Bxd5 44. h5 Nc6 45. Rf4 b5 46.
h6 b4+ 47. Kd2 Bg8 48. Rf8 Bh7 49. Rf7 Bg8 50. Rg7 a5 51. Rxg8 Ne5 52. Rxe5 b3
53. Rxa5 Ke7 54. Ra6 1-0

[Event "Let's Play Chess!"]
[Site "http://www.queenalice.com/game.php?id=817753"]
[Date "2010.8.14"]
[Round "-"]
[White "Fauquinelle"]
[Black "caprone"]
[Result "0-1"]
[WhiteElo "1741"]
[BlackElo "1736"]

1. d4 d5 2. Nf3 Nf6 3. c4 c6 4. Nc3 a6 5. e3 b5 6. cxd5 cxd5 7. a4 b4 8. Ne2 e6
9. b3 h6 10. Nf4 Nc6 11. Be2 Bd6 12. O-O O-O 13. Bb2 Re8 14. Ne5 Bb7 15. Bh5
Nxh5 16. Qxh5 Bxe5 17. dxe5 Na5 18. Qd1 Nc6 19. Ne2 Qg5 20. f4 Qf5 21. Ng3 Qg6
22. Bd4 Rac8 23. Rc1 Ne7 24. Rf2 Nf5 25. Rfc2 Nxg3 26. hxg3 Qxg3 27. Rxc8 Bxc8
28. Qd2 h5 29. Qxb4 h4 30. Qe1 Qg4 0-1

[Event "Let's Play Chess!"]
[Site "http://www.queenalice.com/game.php?id=838993"]
[Date "2010.9.28"]
[Round "-"]
[White "caprone"]
[Black "AFA1961"]
[Result "0-1"]
[WhiteElo "1738"]
[BlackElo "2412"]

1. e4 e5 2. Bc4 Nf6 3. d4 exd4 4. Nf3 Nxe4 5. Qxd4 Nf6 6. Bg5 Be7 7. Nc3 O-O 8.
O-O-O h6 9. Bh4 c6 10. g4 d5 11. Bb3 g5 12. Nxg5 hxg5 13. Bxg5 Re8 0-1

[Event "Let's Play Chess!"]
[Site "http://www.queenalice.com/game.php?id=838994"]
[Date "2010.9.28"]
[Round "-"]
[White "chessweed69"]
[Black "caprone"]
[Result "0-1"]
[WhiteElo "1768"]
[BlackElo "1732"]

1. e4 c5 2. Nc3 Nc6 3. Nf3 e5 4. d3 d6 5. Nd5 Nf6 6. Bg5 Be7 7. Nxe7 Qxe7 8. c3
h6 9. Bxf6 Qxf6 10. h3 O-O 11. g4 Qg6 12. Nh2 f6 13. Nf3 Nd8 14. Qd2 Ne6 15. Nh4
Qg5 0-1